|
|
|
|
| LEADER |
00816nab a2200193 i 4500 |
| 001 |
acta54368 |
| 005 |
20250512093050.0 |
| 008 |
180606s1916 hu o 000 hun d |
| 040 |
|
|
|a SZTE Egyetemi Kiadványok Repozitórium
|b hun
|
| 041 |
|
|
|a hun
|
| 100 |
1 |
|
|a Ferenczi István
|
| 245 |
1 |
2 |
|a A Nagyhugyin "trachyt"-jának kőzettani vizsgálata
|h [elektronikus dokumentum] /
|c Ferenczi István
|
| 260 |
|
|
|a Erdélyi Nemzeti Múzeum
|b Kolozsvár
|c 1916
|
| 300 |
|
|
|a 217-224
|
| 490 |
0 |
|
|a Múzeumi füzetek : az Erdélyi Nemzeti Múzeum ásványtárának értesítője
|v 3 No. 2
|
| 650 |
|
4 |
|a Természettudományok
|
| 650 |
|
4 |
|a Föld- és kapcsolódó környezettudományok
|
| 695 |
|
|
|a Kőzettan - Erdély, Trachit
|
| 856 |
4 |
0 |
|u http://acta.bibl.u-szeged.hu/54368/1/muzeumi_fuz_asvanytar_1916_003_002_217-224.pdf
|z Dokumentum-elérés
|